000 00756cab a2200253 4500
001 WB2829-22
008 090401t1992 xxu||||| |||| 00| 0 eng d
035 _a(Sirsi) u63672
041 _aeng
245 _aShares and dividends
260 _c1992
350 _a0
490 _aFinancial Times
_v21 July 1992, 18(1)
520 _aSince 1988 property shares have underperformed the market by 64% and dividends, which were bearing up, now suffer from the length of the recession.
650 _aASSET VALUES
650 _aINVESTMENT MARKET
650 _aPROPERTY MARKET
650 _aPROPERTY SHARES
650 _aRECESSION
690 _aPROPERTY-COMMERCIAL PROPERTY
690 _aFINANCE AND INVESTMENT
942 _n0
948 _c04/03/1997
999 _c39594
_d39594